000 00525nam a2200169 a 4500
001 BRCA_448
005 20190320203021.0
008 291107s1977----mx-a---###---#000-0#spa-#
050 4 _aB2799.K7
_b.V55 1977
100 1 _aVillegas, Jaime Antonio
_91535
245 1 0 _aEl juicio estético en Kant
_cJaime Antonio Villegas.
260 _aMéxico
_bUNAM, ENEP Acatlán
_c1977
300 _a156 p.
_bil.
_c22 cm.
600 1 4 _aKant, Immanuel
_xCrítica e interpretación
_91536
650 1 4 _aFilosofía
_xCriticismo
_91537
942 _2lcc
_cB
999 _c383
_d383